Elizabeth Bennet /

Bibliographic Details
Other Authors: Bloom, Harold
Format: Book
Language:English
Published: Philadelphia : Chelsea House, [2004]
Series:Major literary characters.
Subjects:
Online Access:Table of contents

MARC

Tag First Indicator Second Indicator Subfields
LEADER 00000cam a2200000 a 4500
001 in00002363733
005 20200706104700.0
008 030603s2004 pau b 001 0 eng
010 |a  2003012271 
020 |a 0791076725 
020 |a 9780791076729 
029 1 |a YDXCP  |b 2020628 
035 |a (OCoLC)ocm52602700 
035 |a (OCoLC)52602700 
040 |a DLC  |c DLC  |d BAKER  |d BTCTA  |d YDXCP  |d UtOrBLW 
049 |a TXAM 
050 0 0 |a PR4034.P72  |b E45 2004 
082 0 0 |a 823/.7  |2 22 
245 0 0 |a Elizabeth Bennet /  |c edited and with an introduction by Harold Bloom. 
264 1 |a Philadelphia :  |b Chelsea House,  |c [2004] 
264 4 |c ©2004 
300 |a xiii, 264 pages ;  |c 23 cm. 
336 |a text  |b txt  |2 rdacontent 
337 |a unmediated  |b n  |2 rdamedia 
338 |a volume  |b nc  |2 rdacarrier 
490 1 |a Bloom's major literary characters 
504 |a Includes bibliographical references (pages 249-252) and index. 
505 0 |a Irony as discrimination : Pride and prejudice / Marvin Mudrick -- Elizabeth Bennet / Andrew H. Wright -- A note on Jane Austen / C.S. Lewis -- Pride and prejudice / Henrietta Ten Harmsel -- Pride and prejudice : vitality and a dramatic mode / Howard S. Babb -- Affection and mortification of Elizabeth Bennet / Stuart M. Tave -- Intelligence in Pride and prejudice / Susan Morgan -- Pride and prejudice / Bernard J. Paris -- The humiliation of Elizabeth Bennet / Susan Fraiman -- Dwindling into wifehood : the romantic power of the witty heroine in Shakespeare, Dryden, Congreve, and Austen / Donald A. Bloom -- Wit with a vengeance : Pride and prejudice / Gloria Sybil Gross. 
600 1 0 |a Austen, Jane,  |d 1775-1817.  |t Pride and prejudice. 
600 0 0 |a Bennet, Elizabeth  |c (Fictitious character) 
650 0 |a Young women in literature. 
650 0 |a Courtship in literature. 
650 0 |a Heroines in literature. 
700 1 |a Bloom, Harold. 
830 0 |a Major literary characters. 
856 4 1 |3 Table of contents  |u http://www.loc.gov/catdir/toc/ecip044/2003012271.html  |t 0 
938 |a Baker & Taylor  |b BKTY  |c 40.00  |d 40.00  |i 0791076725  |n 0004287051  |s active 
938 |a Baker and Taylor  |b BTCP  |n 2003012271 
938 |a YBP Library Services  |b YANK  |n 2020628 
945 |a PromptCat  |b 359897 
946 |a stk 
947 |a A14836841415 
994 |a 92  |b TXA 
948 |a cataloged  |b h  |c 2008/3/20  |d c  |e asalazar  |f 3:17:50 pm 
999 |a MARS 
999 f f |s 66f72515-9916-3082-aaf6-15fe3d4fad59  |i 17bde43c-3747-356d-afc4-05f5cd136136  |t 0 
952 f f |p normal  |a Texas A&M University  |b College Station  |c Sterling C. Evans Library  |d Evans: Library Stacks  |t 0  |e PR4034.P72 E45 2004  |h Library of Congress classification  |i unmediated -- volume  |m A14836841415 
998 f f |a PR4034.P72 E45 2004  |t 0  |l Evans: Library Stacks